000 00537nam a2200169Ia 4500
999 _c36754
_d36754
003 OSt
005 20210122104405.0
008 190216s9999||||xx |||||||||||||| ||und||
040 _coclc
082 _a650.142
_bPEN/R
100 _aPenguin Books
_98356
245 0 _aResumes: Top Career Experts Show You The Job Landing Resumes That Sold Them /
_cPenguin Books
260 _bPenguin Books,
_c2003.
_aNew Delhi:
300 _a191p
650 _aEnglish General
942 _cREF
_2ddc
_h650.142
_iPEN/R
_k650.142
_mPEN/R